000 00296nam a22001337a 4500
008 170413b xxu||||| |||| 00| 0 eng d
020 _a07215665502
041 _aeng
080 _a618
100 _a10
101 _aSHM
245 _aCURRENT THERAPY THERIOLOGY
_cALLEN.G.P
942 _2udc
_cBK
999 _c10669
_d10669